Từ điển Anh - Việt English - Vietnamese dictionary

Giới thiệu 60.000 từ tiếng Anh-Việt thuộc các lĩnh vực, kinh doanh, thương mại, điện toán, khoa học... cũng như các tiếng lóng, các tiếng thông tục mà người Anh, Mỹ thường dùng được sắp xếp theo thứ tự từ A-Z

Saved in:
Bibliographic Details
Format: Book
Language:Vietnamese
Published: H. Khoa học xã hội 1991
Series:Viện khoa học xã hội Việt Nam - Viện ngôn ngữ học
Subjects:
Tags: Add Tag
No Tags, Be the first to tag this record!
Institutions: Mạng thư viện Đại học Đà Nẵng
LEADER 01277nam a2200313 4500
001 000010199
003 6399
005 20111121101117.0
008 111121s1991 viesd
041 0 |a vie 
082 |a 423  |b VIE 
245 0 |a Từ điển Anh - Việt  |b English - Vietnamese dictionary 
260 |a H.  |b Khoa học xã hội  |c 1991 
300 |a 1959  |c 22cm 
490 |a Viện khoa học xã hội Việt Nam - Viện ngôn ngữ học 
520 |a Giới thiệu 60.000 từ tiếng Anh-Việt thuộc các lĩnh vực, kinh doanh, thương mại, điện toán, khoa học... cũng như các tiếng lóng, các tiếng thông tục mà người Anh, Mỹ thường dùng được sắp xếp theo thứ tự từ A-Z 
653 |a Từ điển 
653 |a Anh - Việt 
910 |a Thương  |d 21/11/2011 
OWN |a LSP 
AVA |a UDN50  |b LSP  |d 423 VIE  |e available  |t Error 5001 Not defined in file expand_doc_bib_avail.  |f 1  |g 0  |h N  |i 0  |k 1 
999 |a From the UDN01 
AVA |a UDN50  |b LSP  |d 423 VIE  |e available  |t Error 5001 Not defined in file expand_doc_bib_avail.  |f 1  |g 0  |h N  |i 0  |k 1 
TYP |a Monograph 
TYP |a Printed language 
980 |a Mạng thư viện Đại học Đà Nẵng